000 00940nam a2200277 a 4500
001 14383
003 BD-RjUL
005 20211208235622.0
008 140205s2003 ii a|||| b||| 00| 0 eng d
020 _a818597134X
035 _a(BD-RjUL)14435
_a(OCoLC)502013410
040 _aBD-RjUL
_beng
_cBD-RjUL
_dBD-RjUL
041 _aeng
082 0 4 _223
_a338.173850954
_bSEC 2003
100 1 _aSengupta, K.
_944872
245 1 0 _aCultivated annual oilseed crops of India /
_cK Sengupta; P K Das
260 _aKolkata ; India :
_bNaya Udyog,
_cc2003.
300 _a296 p. :
_bill. ;
_c24 cm.
504 _aInclude bibliography.
650 _aOilseed plants
_944873
_z India.
650 _aOilseeds -- India.
_944874
650 _aOilseeds production
_944875
700 1 _aDas, P K
_944876
856 _3WorldCat
_uhttp://www.worldcat.org/title/cultivated-annual-oilseed-crops-of-india/oclc/502013410&referer=brief_results
942 _2ddc
_cBK
999 _c14383
_d14383